000 00318nam a22001217a 4500
020 _a0815750293
082 _a332.14 WOR
245 _aWorldwide inflation; Theory and recent experience
260 _aLondon
_bThe brookings, Institution
_c1977
300 _axi, 686p.
_bill,24cm.
500 _aInclude index
942 _cBK
999 _c14891
_d14891